000 01148nmm a22003375u 4500
999 _c24902
_d24902
005 20201028185745.0
008 100509s2006 gw j eng d
020 _a9783540377214
050 0 4 _aKJE4444.95
_bD36 2006
100 1 _aDann, Philipp.
245 1 4 _aThe Unity of the European Constitution
_h[electronic resource] /
_cedited by Philipp Dann, Michał Rynkowski.
250 _a1a ed.
260 _aBerlin, Heidelberg :
_bSpringer-Verlag Berlin Heidelberg,
_c2006.
300 _bv.: digital
490 0 _aBeiträge zum ausländischen öffentlichen Recht und Völkerrecht,
_v186
_x0172-4770 ;
650 0 _aDerecho constitucional
_vCongresos
_xPaíses de la Unión Europea
700 1 _aRynkowski, Michał.
710 2 _aSpringerLink (Online service)
773 0 _tSpringer eBooks
856 4 0 _uhttp://dx.doi.org/10.1007/978-3-540-37721-4
942 _2lcc
_cLIE